000 00617nam a2200193 i 4500
001 73825
003 ES-MaACL
005 20230906171932.0
007 t|
008 040913s1966 sp ||||1| eng d
100 0 _aGómez-Tabanera, José Manuel,
_d1926-2011
_958165
245 1 2 _aA concise history of Spain /
_cJ.M. Gómez-Tabanera ; [translated... by John Inderwick Palmer].
260 _aMadrid :
_bCronos,
_c[1966]
300 _aX, 700 p. :
_bil. ;
_c22 cm.
651 4 _aEspaña-
_xHistoria.
_98209
700 1 _aPalmer, John Inderwick.
_988637
852 _aES-MaACL
_jG-5058
_bR.60647
999 _c73825
_d73825